[Event "Guaira op 2nd"]
[Site "Guaira"]
[Date "2016.11.05"]
[Round "2"]
[White "Oliveira, Arthur Marquez"]
[Black "Carlos, Roberta Souto"]
[Result "0-1"]
[WhiteElo "1819"]
[BlackElo "1682"]
[PlyCount "52"]
[EventDate "2016.11.04"]
[EventType "swiss"]
[EventRounds "6"]
[EventCountry "BRA"]
[SourceTitle "CBM 175 Extra"]
[Source "ChessBase"]
[SourceDate "2016.12.12"]
[SourceVersion "1"]
[SourceVersionDate "2016.12.12"]
[SourceQuality "1"]

1. e4 c5 2. Nf3 Nc6 3. d4 cxd4 4. Nxd4 g6 5. Be3 Bg7 6. Nc3 d6 7. Qd2 Nf6 8. 0-0-0 Ng4 9. f3 Nxe3 10. Qxe3 Bxd4 11. Rxd4 Nxd4 12. Qxd4 0-0 13. g4 Qa5 14. Kb1 Qe5 15. Qxe5 dxe5 16. Bc4 Bd7 17. Rd1 Bc6 18. b3 Rfd8 19. Re1 Rd2 20. h3 Rad8 21. Kc1 Rh2 22. Bf1 Rdd2 23. Bd3 Rdf2 24. Be2 Rxh3 25. Rf1 Rxf1+ 26. Bxf1 Rh1 0-1

[Event "Sao Sebastiao do Paraiso Ferias CXSSP I"]
[Site "Sao Sebastiao do Paraiso"]
[Date "2016.07.23"]
[Round "3.12"]
[White "Da Silva, Diego Nunes"]
[Black "Oliveira, Arthur Marquez"]
[Result "1-0"]
[WhiteElo "1596"]
[BlackElo "1800"]
[PlyCount "41"]
[EventDate "2016.07.22"]
[EventType "swiss"]
[EventRounds "6"]
[EventCountry "BRA"]
[SourceTitle "EXT 2022"]
[Source "ChessBase"]
[SourceDate "2021.10.06"]
[SourceVersion "1"]
[SourceVersionDate "2021.10.06"]
[SourceQuality "1"]

1. d4 Nf6 2. Bf4 e6 3. Nf3 Be7 4. e3 Nc6 5. a3 0-0 6. Bd3 Re8 7. c4 d5 8. c5 h6 9. Qc2 Bd7 10. b4 a6 11. Ne5 Rb8 12. Nd2 b6 13. Ndf3 bxc5 14. dxc5 Nxe5 15. Nxe5 Nh5 16. c6 Bc8 17. Bh7+ Kf8 18. Nxf7 Kxf7 19. Qg6+ Kf8 20. Qxh5 d4 21. Bxh6 1-0